[Event "Israel"]
[Site "Israel"]
[Date "1993.??.??"]
[Round "?"]
[White "Milov, Vadim"]
[Black "Oren, Ido"]
[Result "1-0"]
[WhiteElo "2410"]
[BlackElo "2295"]
[PlyCount "65"]
[EventDate "1993.??.??"]
[EventType "game"]
[EventRounds "1"]
[EventCountry "ISR"]
[SourceTitle "EXT 2010"]
[Source "ChessBase"]
[SourceDate "2010.11.25"]
[SourceVersion "1"]
[SourceVersionDate "2010.11.25"]
[SourceQuality "1"]

1. d4 Nf6 2. c4 e6 3. Nc3 Bb4 4. f3 c5 5. d5 Nh5 6. Nh3 Qh4+ 7. Nf2 Qxc4 8. e4 Bxc3+ 9. bxc3 Qxc3+ 10. Bd2 Qd4 11. Qc1 exd5 12. Bc3 Qa4 13. Qg5 d4 14. Qxc5 Qc6 15. Qxd4 0-0 16. Rb1 Qg6 17. Rb5 Nc6 18. Qd2 d5 19. Rxd5 h6 20. Bd3 f5 21. 0-0 f4 22. Rd6 Qf7 23. Bc2 Kh7 24. Ng4 Be6 25. e5+ Kh8 26. Qd3 Bf5 27. Nxh6 Bxd3 28. Nxf7+ Rxf7 29. Bxd3 Rc7 30. Rd1 Ne7 31. Bb4 Nc6 32. Bg6 Rg8 33. Be1 1-0

[Event "Bled op (Women)"]
[Site "Bled"]
[Date "1992.??.??"]
[Round "5"]
[White "Ankerst, Milka"]
[Black "Oren, Ido"]
[Result "1-0"]
[WhiteElo "2195"]
[BlackElo "2295"]
[PlyCount "80"]
[EventDate "1992.??.??"]
[EventType "swiss"]
[EventRounds "9"]
[EventCountry "SLO"]
[SourceTitle "TD"]
[Source "ChessBase"]
[SourceDate "1994.03.01"]
[SourceVersion "1"]
[SourceVersionDate "1994.03.01"]
[SourceQuality "1"]

1. e4 c6 2. Nc3 d5 3. Nf3 dxe4 4. Nxe4 Bf5 5. Ng3 Bg6 6. h4 h6 7. Ne5 Bh7 8. Qh5 g6 9. Qf3 Nf6 10. Qb3 Qd5 11. Qxb7 Qxe5+ 12. Be2 Qa5 13. Qxa8 Qc7 14. 0-0 Nfd7 15. Bf3 Bg7 16. d3 0-0 17. Be3 Nb6 18. Bxb6 Qxb6 19. a4 Rc8 20. Ra3 Bd4 21. Rb3 Qd8 22. Qb7 Bb6 23. a5 Bxa5 24. Qxa7 Bc7 25. Re1 e6 26. Rb7 Qd6 27. Qe3 h5 28. Ra1 Nd7 29. b4 Ne5 30. Ra6 Nxf3+ 31. Qxf3 Qd8 32. Rxc6 Kg7 33. b5 Bg8 34. b6 Bxg3 35. Rxc8 Bxf2+ 36. Qxf2 Qxc8 37. Rc7 Qa6 38. Qd4+ Kh7 39. b7 Qa5 40. b8Q Qe1+ 1-0

[Event "ISR-ch"]
[Site "Rishon Le Ziyyon"]
[Date "1990.??.??"]
[Round "?"]
[White "Sabi, Yoseph"]
[Black "Oren, Ido"]
[Result "1-0"]
[WhiteElo "2280"]
[BlackElo "2450"]
[PlyCount "110"]
[EventDate "1990.05.06"]
[EventType "swiss"]
[EventRounds "11"]
[EventCountry "ISR"]
[SourceTitle "EXT 2004"]
[Source "ChessBase"]
[SourceDate "2003.11.25"]
[SourceVersion "1"]
[SourceVersionDate "2003.11.25"]
[SourceQuality "1"]

1. d4 Nf6 2. c4 e6 3. Nc3 Bb4 4. e3 b6 5. Nge2 Bb7 6. a3 Be7 7. Ng3 d5 8. cxd5 Nxd5 9. Bb5+ Nd7 10. e4 Nxc3 11. bxc3 0-0 12. 0-0 c5 13. Be3 cxd4 14. cxd4 Nf6 15. Bd3 Qd7 16. a4 Rfd8 17. Qe2 Bc6 18. a5 b5 19. a6 b4 20. Rfd1 Rab8 21. d5 exd5 22. e5 Ne8 23. Bf5 Bb5 24. Qc2 Qc6 25. Bxh7+ Kf8 26. Qf5 g6 27. Qh3 Ng7 28. Qh6 b3 29. Bd4 Bc5 30. Bxc5+ Qxc5 31. e6 b2 32. Rab1 Qc3 33. exf7 Bd3 34. Bxg6 Bxb1 35. Rxb1 Rbc8 36. Nf1 Rd6 37. h4 Rf6 38. Qh8+ Ke7 39. Qxg7 Kd6 40. f8Q+ Rcxf8 41. h5 Qc1 42. Qxa7 Rxf2 43. Qxf2 Rxf2 44. Kxf2 Qf4+ 45. Ke1 Qc1+ 46. Ke2 Qc4+ 47. Bd3 Qg4+ 48. Ke1 Qxg2 49. a7 Qg8 50. h6 Qe8+ 51. Kd2 Qf8 52. h7 Qf2+ 53. Kd1 Qf3+ 54. Kc2 Qf2+ 55. Nd2 Qc5+ 1-0